000
00241nam a22000857a 4500
008
160711b xxu||||| |||| 00| 0 eng d
100
_9
2561
_a
Deshikatmananda, S
245
_a
T.B. Control in India
260
_a
New Delhi
_b
Ramakrishna Mission
_c
2002
999
_c
2227
_d
2227